| Поле | Название | Значение |
| |
Тип записи |
a |
| |
Библиографический уровень |
m |
| 001 |
Контрольный номер |
RU/URAIT/586322 |
| 005 |
Дата корректировки |
20260429163654.4 |
| 008 |
Кодируемые данные |
260429s2026 RU y f j 000 0 rus u |
| 020 |
Индекс ISBN |
__ |
| a |
ISBN |
978-5-534-19900-0 |
| c |
Цена, тираж |
569.00 |
| 040 |
Источник каталогиз. |
__ |
| a |
Служба первич. каталог. |
ИКО Юрайт |
| c |
Служба, преобразующая запись |
ИКО Юрайт |
| e |
Правила каталог. |
RCR |
| 041 |
Код языка издания |
__ |
| a |
Код языка текста |
rus |
| 044 |
Код страны публикации |
__ |
| a |
Код страны публикации |
RU |
| 080 |
Индекс УДК |
__ |
| a |
Индекс УДК |
340.11(075.8) |
| 084 |
Индекс другой классификации/Индекс ББК |
__ |
| 2 |
Источник индекса |
rubbk |
| a |
Индекс другой классификации/Индекс ББК |
67.0я73 |
| 100 |
Автор |
__ |
| a |
Автор |
Вилкова Т. Ю. |
| q |
Полное имя |
Вилкова Татьяна Юрьевна |
| 245 |
Заглавие |
__ |
| a |
Заглавие |
Уголовный процесс. Принцип презумпции невиновности |
| b |
Продолж. заглавия |
учебник для вузов |
| c |
Ответственность |
Т. Ю. Вилкова. |
| 250 |
Сведения об издании |
__ |
| a |
Основные сведения об издании |
2-е изд. |
| 256 |
Характеристики компьютерного файла |
__ |
| a |
Характеристики компьютерного файла |
Электрон. дан. |
| 260 |
Выходные данные |
__ |
| a |
Место издания |
Москва |
| b |
Издательство |
Юрайт |
| c |
Дата издания |
2026 |
| 300 |
Физическое описание |
__ |
| a |
Объем |
129 с |
| 440 |
Серия |
__ |
| a |
Серия |
Высшее образование |
| 500 |
Примечания |
__ |
| a |
Примечание |
URL: https://urait.ru/bcode/586322 (дата обращения: 29.04.2026). |
| 520 |
Аннотация |
__ |
| a |
Аннотация |
В курсе приведен анализ правовых основ, содержания и гарантий презумпции невиновности в российском уголовном процессе с 1864 г. по настоящее время. Рассмотрено развитие научных представлений о презумпции невиновности как об уголовно-процессуальном принципе. Предложены пути совершенствования законодательства и правоприменительной практики, направленные на обеспечение баланса публично-правовых и частноправовых интересов при реализации данного принципа. Уникальный характер данному изданию придает приведение малоизвестных исторических примеров из практики. Впервые в отечественной литературе систематизированы доводы «за» и «против» действия презумпции невиновности в советском уголовном процессе. Подвергнуты критическому анализу современные предложения об исключении презумпции невиновности из числа принципов уголовного судопроизводства. Соответствует актуальным требованиям федерального государственного образовательного стандарта высшего образования. Для студентов, бакалавров, магистрантов, аспирантов, преподавателей юридических факультетов и вузов, практических работников правоохранительной и судебной систем, а также всех интересующихся проблемами уголовного судопроизводства. |
| 538 |
Прим. о системных особенностях |
__ |
| a |
Прим. о системных особенностях |
Режим доступа: Электронно-библиотечная система Юрайт, для авториз. пользователей |
| 653 |
Ключевые слова |
__ |
| a |
Ключевые слова |
Уголовное право |
| 653 |
Ключевые слова |
__ |
| a |
Ключевые слова |
Юридические науки |
| 653 |
Ключевые слова |
__ |
| a |
Ключевые слова |
Уголовный процесс |
| 653 |
Ключевые слова |
__ |
| a |
Ключевые слова |
Уголовно-процессуальное право |
| 653 |
Ключевые слова |
__ |
| a |
Ключевые слова |
Доказывание в уголовном процессе |
| 653 |
Ключевые слова |
__ |
| a |
Ключевые слова |
Доказывание и доказательства в уголовном процессе |
| 653 |
Ключевые слова |
__ |
| a |
Ключевые слова |
Защита прав личности в уголовном процессе |
| 653 |
Ключевые слова |
__ |
| a |
Ключевые слова |
Проблемы доказывания в уголовном судопроизводстве |
| 653 |
Ключевые слова |
__ |
| a |
Ключевые слова |
Уголовное процессуальное право |
| 653 |
Ключевые слова |
__ |
| a |
Ключевые слова |
Проблемы доказательств и доказывания в уголовном процессе |
| 653 |
Ключевые слова |
__ |
| a |
Ключевые слова |
Теория доказывания в уголовном судопроизводстве |
| 653 |
Ключевые слова |
__ |
| a |
Ключевые слова |
Актуальные проблемы юриспруденции |
| 653 |
Ключевые слова |
__ |
| a |
Ключевые слова |
Принципы уголовного судопроизводства |
| 653 |
Ключевые слова |
__ |
| a |
Ключевые слова |
Доказательство и доказывание в уголовном судопроизводстве |
| 653 |
Ключевые слова |
__ |
| a |
Ключевые слова |
Теория доказательств в уголовном процессе |
| 653 |
Ключевые слова |
__ |
| a |
Ключевые слова |
Уголовно-процессуальное доказывание |
| 653 |
Ключевые слова |
__ |
| a |
Ключевые слова |
Доказательственное право в уголовном процессе |
| 653 |
Ключевые слова |
__ |
| a |
Ключевые слова |
Особенности доказывания в уголовном процессе |
| 653 |
Ключевые слова |
__ |
| a |
Ключевые слова |
Проблемы теории доказательств в уголовном судопроизводстве |
| 653 |
Ключевые слова |
__ |
| a |
Ключевые слова |
Доказательства в уголовном процессе |
| 653 |
Ключевые слова |
__ |
| a |
Ключевые слова |
Доказывание и Доказательства в уголовном судопроизводстве |
| 653 |
Ключевые слова |
__ |
| a |
Ключевые слова |
Доказательственная деятельность по уголовным делам |
| 653 |
Ключевые слова |
__ |
| a |
Ключевые слова |
Доказывание в уголовном судопроизводстве |
| 653 |
Ключевые слова |
__ |
| a |
Ключевые слова |
Доказательства и доказывание в уголовном судопроизводстве |
| 653 |
Ключевые слова |
__ |
| a |
Ключевые слова |
Познание и доказывание в уголовном процессе |
| 653 |
Ключевые слова |
__ |
| a |
Ключевые слова |
Принципы уголовного процесса |
| 653 |
Ключевые слова |
__ |
| a |
Ключевые слова |
Проблемы уголовно-процессуального доказывания |
| 653 |
Ключевые слова |
__ |
| a |
Ключевые слова |
Теория доказывания в уголовном процессе |
| 653 |
Ключевые слова |
__ |
| a |
Ключевые слова |
Теория доказательств в уголовном судопроизводстве |
| 653 |
Ключевые слова |
__ |
| a |
Ключевые слова |
Проблемы теории доказывания по уголовным делам |
| 653 |
Ключевые слова |
__ |
| a |
Ключевые слова |
Теория уголовно-процессуального доказывания |
| 653 |
Ключевые слова |
__ |
| a |
Ключевые слова |
Доказательства и доказывание в уголовном процессе |
| 653 |
Ключевые слова |
__ |
| a |
Ключевые слова |
Доказательства и доказывание по уголовным делам |
| 653 |
Ключевые слова |
__ |
| a |
Ключевые слова |
Уголовно-процессуальное право (уголовный процесс) |
| 653 |
Ключевые слова |
__ |
| a |
Ключевые слова |
Теория уголовно-процессуальных доказательств |
| 653 |
Ключевые слова |
__ |
| a |
Ключевые слова |
Проблемы доказывания в уголовном процессе |
| 653 |
Ключевые слова |
__ |
| a |
Ключевые слова |
Проблемы доказательств в уголовном процессе |
| 653 |
Ключевые слова |
__ |
| a |
Ключевые слова |
Доказывание и доказательство в уголовном судопроизводстве |
| 856 |
Электронный адрес документа |
40 |
| n |
Местонахождение сервера |
Юрайт |
| g |
|
Электронная книга |
| q |
Тип электронного формата |
html |
| h |
Имя пользователя |
ЮРАЙТ |
| v |
Часы доступа к ресурсу |
20271231 |
| 2 |
Способ доступа |
Показать документ |
| x |
Служебное примечание |
https://urait.ru/book/cover/B6D72F41-5A46-41A3-BFC0-B77D46E57DB3 |
| u |
URL |
https://urait.ru/bcode/586322 |
| 856 |
Электронный адрес документа |
48 |
| q |
Тип электронного формата |
cover |
| u |
URL |
https://urait.ru/book/cover/B6D72F41-5A46-41A3-BFC0-B77D46E57DB3 |
| 911 |
|
__ |
| u |
|
0030=https://urait.ru/bcode/586322 |
| 911 |
|
__ |
| u |
|
073a=9785534199000 |
| u |
|
073d=569.00 |
| 911 |
|
__ |
| u |
|
106a=s |
| 911 |
|
__ |
| u |
|
900l= |
| 952 |
Тип литературы |
__ |
| i |
Дисциплина |
Уголовный процесс |
| 952 |
Тип литературы |
__ |
| i |
Дисциплина |
Уголовно-процессуальное право |
| 952 |
Тип литературы |
__ |
| i |
Дисциплина |
Доказывание в уголовном процессе |
| 952 |
Тип литературы |
__ |
| i |
Дисциплина |
Доказывание и доказательства в уголовном процессе |
| 952 |
Тип литературы |
__ |
| i |
Дисциплина |
Защита прав личности в уголовном процессе |
| 952 |
Тип литературы |
__ |
| i |
Дисциплина |
Проблемы доказывания в уголовном судопроизводстве |
| 952 |
Тип литературы |
__ |
| i |
Дисциплина |
Уголовное процессуальное право |
| 952 |
Тип литературы |
__ |
| i |
Дисциплина |
Проблемы доказательств и доказывания в уголовном процессе |
| 952 |
Тип литературы |
__ |
| i |
Дисциплина |
Теория доказывания в уголовном судопроизводстве |
| 952 |
Тип литературы |
__ |
| i |
Дисциплина |
Актуальные проблемы юриспруденции |
| 952 |
Тип литературы |
__ |
| i |
Дисциплина |
Принципы уголовного судопроизводства |
| 952 |
Тип литературы |
__ |
| i |
Дисциплина |
Доказательство и доказывание в уголовном судопроизводстве |
| 952 |
Тип литературы |
__ |
| i |
Дисциплина |
Теория доказательств в уголовном процессе |
| 952 |
Тип литературы |
__ |
| i |
Дисциплина |
Уголовно-процессуальное доказывание |
| 952 |
Тип литературы |
__ |
| i |
Дисциплина |
Доказательственное право в уголовном процессе |
| 952 |
Тип литературы |
__ |
| i |
Дисциплина |
Особенности доказывания в уголовном процессе |
| 952 |
Тип литературы |
__ |
| i |
Дисциплина |
Проблемы теории доказательств в уголовном судопроизводстве |
| 952 |
Тип литературы |
__ |
| i |
Дисциплина |
Доказательства в уголовном процессе |
| 952 |
Тип литературы |
__ |
| i |
Дисциплина |
Доказывание и Доказательства в уголовном судопроизводстве |
| 952 |
Тип литературы |
__ |
| i |
Дисциплина |
Доказательственная деятельность по уголовным делам |
| 952 |
Тип литературы |
__ |
| i |
Дисциплина |
Доказывание в уголовном судопроизводстве |
| 952 |
Тип литературы |
__ |
| i |
Дисциплина |
Доказательства и доказывание в уголовном судопроизводстве |
| 952 |
Тип литературы |
__ |
| i |
Дисциплина |
Познание и доказывание в уголовном процессе |
| 952 |
Тип литературы |
__ |
| i |
Дисциплина |
Принципы уголовного процесса |
| 952 |
Тип литературы |
__ |
| i |
Дисциплина |
Проблемы уголовно-процессуального доказывания |
| 952 |
Тип литературы |
__ |
| i |
Дисциплина |
Теория доказывания в уголовном процессе |
| 952 |
Тип литературы |
__ |
| i |
Дисциплина |
Теория доказательств в уголовном судопроизводстве |
| 952 |
Тип литературы |
__ |
| i |
Дисциплина |
Проблемы теории доказывания по уголовным делам |
| 952 |
Тип литературы |
__ |
| i |
Дисциплина |
Теория уголовно-процессуального доказывания |
| 952 |
Тип литературы |
__ |
| i |
Дисциплина |
Доказательства и доказывание в уголовном процессе |
| 952 |
Тип литературы |
__ |
| i |
Дисциплина |
Доказательства и доказывание по уголовным делам |
| 952 |
Тип литературы |
__ |
| i |
Дисциплина |
Уголовно-процессуальное право (уголовный процесс) |
| 952 |
Тип литературы |
__ |
| i |
Дисциплина |
Теория уголовно-процессуальных доказательств |
| 952 |
Тип литературы |
__ |
| i |
Дисциплина |
Проблемы доказывания в уголовном процессе |
| 952 |
Тип литературы |
__ |
| i |
Дисциплина |
Проблемы доказательств в уголовном процессе |
| 952 |
Тип литературы |
__ |
| i |
Дисциплина |
Доказывание и доказательство в уголовном судопроизводстве |